000 01033cam a2200313 a 4500
001 ocn871545087
003 CO-ViMGA
008 150525s2012 ck a jr 000 j spa d
020 _a9789588737546
040 _aCO-ViMGA
_bspa
_cCO-ViMGA
041 1 _heng
043 _ae-uk-en
082 0 4 _aI823
_bB87n
_221
100 1 _aBurrows, Jennifer
_9108
240 1 2 _aThe boy who cried wolf
_lEspañol
245 1 3 _aEl niño y el cuento del lobo /
_cJennifer Burrows ; ilustrada por Mike Krome
250 _aPrimera edición.
260 _aBogotá
_bPanamericana Editorial
_c2012.
300 _a[20] páginas
_bilustraciones a color
_c25 cm
490 _aColección literatura infantil
534 _tMan, a boy and a donkey.
650 1 4 _aCuentos infantiles ingleses
_9103
650 2 4 _aAmistad
_vCuentos infantiles
_9105
650 2 4 _aLibros ilustrados para niños
_987
650 2 4 _aLiteratura infantil inglesa
_91686
650 2 4 _aLobos
_vCuentos infantiles
_92068
700 1 _aKrome, Mike
_eilustrador
_92069
942 _2ddc
_cBK
999 _c33694
_d33694